| 000 -LEADER |
| fixed length control field |
00599nam a22001937a 4500 |
| 008 - FIXED-LENGTH DATA ELEMENTS--GENERAL INFORMATION |
| fixed length control field |
180419b xxu||||| |||| 00| 0 eng d |
| 020 ## - INTERNATIONAL STANDARD BOOK NUMBER |
| International Standard Book Number |
9798174355699 |
| 082 ## - DEWEY DECIMAL CLASSIFICATION NUMBER |
| Edition number |
23 |
| Classification number |
297.12285 |
| Item number |
NAI |
| 100 ## - MAIN ENTRY--PERSONAL NAME |
| Personal name |
Naik, Zakir |
| 245 ## - TITLE STATEMENT |
| Title |
The Qur'an and the bible : in the light of science : |
| Remainder of title |
a rejoinder to Dr. William Campbell's comments |
| 260 ## - PUBLICATION, DISTRIBUTION, ETC. (IMPRINT) |
| Place of publication, distribution, etc. |
New Delhi |
| Name of publisher, distributor, etc. |
Adam Publishers & Distributors |
| Date of publication, distribution, etc. |
2008 |
| 300 ## - PHYSICAL DESCRIPTION |
| Extent |
124p. |
| Dimensions |
23cm. |
| 500 ## - GENERAL NOTE |
| General note |
Donated by Chairman ERDF (06-10-2012) |
| 650 ## - SUBJECT ADDED ENTRY--TOPICAL TERM |
| Source of heading or term |
Religion |
| Geographic subdivision |
Religion |
| 653 ## - INDEX TERM--UNCONTROLLED |
| Uncontrolled term |
Bible |
| 653 ## - INDEX TERM--UNCONTROLLED |
| Uncontrolled term |
Quran |
| 700 ## - ADDED ENTRY--PERSONAL NAME |
| Personal name |
Uganwi, A. R. |
| 942 ## - ADDED ENTRY ELEMENTS (KOHA) |
| Source of classification or shelving scheme |
|
| Koha item type |
Books |